| 000 | 00974nac a22002411u 4500 | ||
|---|---|---|---|
| 010 | _a 96032885 | ||
| 020 | _a0816628564 (hc : alk. paper) | ||
| 020 | _a0816628572 (pb : alk. paper) | ||
| 082 | 0 | 0 |
_a327.17 _bK913 |
| 090 |
_c5149 _d5149 |
||
| 100 | _a20080729 | ||
| 245 | 0 | 0 |
_aCritical security studies : _bconcepts and cases / _cKeith Krause and Michael C. Williams, editors. |
| 260 |
_aMinneapolis : _bUniversity of Minnesota Press,1997 _cc1997. |
||
| 300 |
_axxiv, 379 p. ; _c24 cm. |
||
| 490 | 1 |
_aBorderlines ; _vv. 8 |
|
| 504 | _aIncludes bibliographical references and index. | ||
| 650 | 0 | _aSecurity, International. | |
| 700 | 1 | _aKrause, Keith. | |
| 700 | 1 |
_aWilliams, Michael C. _q(Michael Charles), _d1960- |
|
| 830 | 0 | _aBorderlines (Minneapolis, Minn.) ; | |
| 942 |
_cBB _k327.17K913 |
||
| 999 |
_c5149 _d5149 |
||